| 000 | 00833nam a2200217Ii 4500 | ||
|---|---|---|---|
| 003 | JO-AjNU | ||
| 008 | 230605s9999||||xx |||||||||||||| ||und|| | ||
| 017 | _a2008/7/2508 | ||
| 040 |
_aJO-AjNU _bara _erda _cJO-AjNU |
||
| 041 | _aara | ||
| 050 | 1 | 4 | _aHV6768.R3222 2009 |
| 100 | 3 |
_aاعداد الربايعة، علي محمد, _eauthor _950363 |
|
| 245 | 0 | 0 | _aجرائم المال العام ودور المؤسسات المعنية في تقويم مرتكبيها |
| 250 | _aط1 | ||
| 264 | 3 | 1 | _aعمان: دار الفاروق للنشر والتوزيع، 2009 |
| 300 | _a93ص | ||
| 336 |
_atext _btxt _2rdacontent |
||
| 337 |
_aunmediated _bn _2rdamedia |
||
| 338 |
_avolume _bnc _2rdacarrier |
||
| 650 | 4 |
_aجرائم الاموال - الجرائم الاقتصادية - جرائم الاختلاس والنصب _950364 |
|
| 999 |
_aA22181 _c25749 _d25749 |
||